All France's Premier League Players Ever - Statistics

General Stats
  • This quiz has been taken 105 times
    45 since last reset
  • The average score is 63 of 243
Answer Stats
# Year Team(s) Player % Correct
258 1999–2007, 2011–12 Arsenal Thierry Henry
97%
361 2012–23 Tottenham Hugo Lloris
94%
325 2003–17 Arsenal, Manchester City Gaël Clichy
91%
255 2012–21 Arsenal, Chelsea Olivier Giroud
88%
220 2008–17, 2018–19 Arsenal, Manchester City, West Ham Samir Nasri
88%
267 2007–17 Arsenal, Manchester City Bacary Sagna
85%
227 2015–23 Leicester City, Chelsea N'Golo Kanté
82%
364 1996–99, 2001–05, 2006–12, 2013–14 Arsenal, Liverpool, Manchester City, Bolton Wanderers, Chelsea, West Bromwich Albion Nicolas Anelka
82%
278 2005–14, 2017–18 Manchester United, West Ham United Patrice Evra
82%
307 1996–2005, 2009–11 Arsenal, Manchester City Patrick Vieira
82%
9 2003–04 Bolton Wanderers Ibrahim Ba
79%
157 2011–12, 2016–22 Manchester United Paul Pogba
79%
209 2015–24 Manchester United Anthony Martial
73%
156 1992–97 Leeds United, Manchester United Eric Cantona
73%
82 2021– Liverpool Ibrahima Konaté
73%
255 2010–19 Arsenal Laurent Koscielny
73%
198 2000–06, 2010–11 Arsenal, Aston Villa Robert Pirès
73%
321 2001–13 Chelsea, Arsenal, Tottenham Hotspur William Gallas
73%
140 1997–2000, 2001–04 Arsenal, Chelsea Emmanuel Petit
70%
110 2004–06, 2008–09, 2011–13 Liverpool, Sunderland, QPR Djibril Cissé
67%
25 2002–03 West Ham Édouard Cissé
67%
295 2012–22 Newcastle United, Tottenham, Watford Moussa Sissoko
67%
100 2022– Arsenal William Saliba
67%
289 1998–99, 2001–13 Newcastle, Fulham, Man. United, Everton, Tottenham, Sunderland Louis Saha
64%
158 1998–2004 Chelsea Marcel Desailly
64%
200 2012–20 Southampton, Manchester United, Everton Morgan Schneiderlin
64%
144 2003–08 Chelsea Claude Makelele
61%
195 1995–2002 Newcastle United, Tottenham, Aston Villa, Everton David Ginola
61%
92 2000–03 Manchester United Fabien Barthez
61%
149 2007–13 Chelsea Florent Malouda
61%
247 2014–24 Chelsea, Stoke City, Everton, West Ham Kurt Zouma
58%
48 2001–03 Manchester United Laurent Blanc
58%
68 2009–11 Manchester United Raphaël Varane
58%
469 2001–16 Newcastle, Man. City, Portsmouth, Everton, Bournemouth Sylvain Distin
58%
124 2005–14 Arsenal Abou Diaby
55%
50 2017–22 Manchester City Benjamin Mendy
55%
70 2002–03, 2008–10 Bolton Wanderers, Hull City Bernard Mendy
55%
222 2018– Everton, Aston Villa Lucas Digne
55%
38 2023–24 Aston Villa Moussa Diaby
55%
106 2000–04 Arsenal Sylvain Wiltord
55%
158 2017–22 Arsenal Alexandre Lacazette
48%
99 2020– Fulham, West Ham Alphonse Areola
48%
70 2022– Aston Villa Boubacar Kamara
48%
48 2015–17 West Ham Dimitri Payet
48%
84 2010–15 Newcastle United, Hull City Hatem Ben Arfa
48%
79 2012–17 QPR, Newcastle United, Chelsea, Crystal Palace Loïc Rémy
48%
56 2012–17 Newcastle United, Arsenal Mathieu Debuchy
48%
178 2004–08, 2013–17 Arsenal, Crystal Palace Mathieu Flamini
48%
275 1999–2010 Manchester United, Arsenal Mikaël Silvestre
48%
66 2020–23, 2024– Leicester City, Chelsea Wesley Fofana
48%
175 2011–14, 2015–18 Newcastle United, Crystal Palace Yohan Cabaye
48%
6 2012–13 West Ham Alou Diarra
45%
27 1999–2000 Chelsea Didier Deschamps
45%
72 2009–16 Manchester United, Newcastle United Gabriel Obertan
45%
130 2020– Crystal Palace Jean-Philippe Mateta
45%
44 2005–09 Chelsea, Arsenal, Portsmouth Lassana Diarra
45%
128 2013–21 Arsenal, Crystal Palace Mamadou Sakho
45%
2 2013–14 Fulham Moussa Dembélé
45%
336 2001–11 Fulham, Tottenham, Sunderland Steed Malbranque
45%
34 2022– Chelsea Benoît Badiashile
42%
281 2004–13, 2014–16 Newcastle United, Wigan Athletic, Aston Villa Charles N'Zogbia
42%
59 2023– Chelsea Malo Gusto
42%
160 2019–24 Brighton & Hove Albion, Everton, Brentford Neal Maupay
42%
45 2023– Burnley, Tottenham Wilson Odobert
42%
44 2023– Chelsea Axel Disasi
39%
38 2023– Chelsea Christopher Nkunku
39%
144 1996–2001 Chelsea Frank Leboeuf
39%
195 2009–15 Blackburn Rovers, Stoke City Steven Nzonzi
39%
63 2019–22 Tottenham Tanguy Ndombélé
39%
59 2014–16, 2017–18 Manchester City, Everton Eliaquim Mangala
36%
105 2011–13, 2014–18 Arsenal Francis Coquelin
36%
160 2018– West Ham, Fulham Issa Diop
36%
21 2024– Manchester United Leny Yoro
36%
35 2024– Crystal Palace Maxence Lacroix
36%
82 2021–24 Crystal Palace Michael Olise
36%
9 2016–17 Crystal Palace Steve Mandanda
36%
52 2001–06 Sunderland, Manchester United, West Ham David Bellion
33%
39 2022–23, 2024– Leeds United, Brighton Georginio Rutter
33%
107 2020–23 Leeds United Illan Meslier
33%
8 2021–22 Chelsea Malang Sarr
33%
13 2024–25 Tottenham Hotspur Mathys Tel
33%
57 2018–20 Arsenal Mattéo Guendouzi
33%
21 2013–15 Arsenal, Crystal Palace Yaya Sanogo
33%
197 2007–18 Tottenham, Portsmouth, Sunderland, Watford Younes Kaboul
33%
78 2001–05 Bolton Wanderers, Blackburn Rovers Youri Djorkaeff
33%
38 2023–25 Chelsea, Southampton Lesley Ugochukwu
30%
29 2017–18 Chelsea Tiémoué Bakayoko
30%
72 2014–15, 2017–19 Leicester City, Brighton Anthony Knockaert
27%
48 2003–06 Liverpool, Blackburn Rovers Florent Sinama-Pongolle
27%
13 2015–16 Newcastle United Florian Thauvin
27%
47 2004–06 Newcastle United Jean-Alain Boumsong
27%
46 2007–10 Birmingham City, Wigan Athletic Olivier Kapo
27%
63 2002–06 Arsenal Pascal Cygan
27%
23 2010–12 Arsenal Sébastien Squillaci
27%
111 2019–23 Newcastle United Allan Saint-Maximin
24%
40 2022–24 Tottenham Hotspur, Aston Villa Clément Lenglet
24%
25 2019–20 Everton Djibril Sidibé
24%
180 2013–20 Tottenham, Watford Étienne Capoue
24%
114 1997–2002 Arsenal Gilles Grimandi
24%
27 2024–25 West Ham Jean-Clair Todibo
24%
57 2023- Wolves Jean-Ricner Bellegarde
24%
94 2001–09 Arsenal, West Ham United, Middlesbrough Jérémie Aliadière
24%
99 2021–25 Crystal Palace, Leicester City Odsonne Édouard
24%
31 1996–99 Arsenal Remi Garde
24%
89 2012–16 Newcastle United Yoan Gouffran
24%
31 2002–04 Liverpool Bruno Cheyrou
21%
30 2002–04 Birmingham City Christophe Dugarry
21%
99 2008–12, 2013–14 Liverpool, Bolton Wanderers, Swansea City David N'Gog
21%
25 2015–16 Aston Villa Jordan Veretout
21%
150 2001–06, 2007–08 Newcastle United, Portsmouth, Derby County Laurent Robert
21%
31 2014–15 Newcastle United Rémy Cabella
21%
13 2003–04 Leeds United Zoumana Camara
21%
92 2001–06 Southampton, Bolton Wanderers Fabrice Fernandes
18%
99 2016–21 Bournemouth, Sheffield United Lys Mousset
18%
16 2023–24 Burnley Maxime Estève
18%
89 2004–09 Tottenham, Portsmouth Noé Pamarot
18%
4 1998–99 Newcastle United Stephane Guivarc'h
18%
2 1995–96 Manchester United William Prunier
18%
58 2013–16 Liverpool, Aston Villa Aly Cissokho
15%
44 2003–06 Liverpool, Sunderland Anthony Le Tallec
15%
12 2014–15 Tottenham Benjamin Stambouli
15%
76 2021–23, 2024–25 Leicester City Boubakary Soumaré
15%
33 2000–01 Middlesbrough Christian Karembeu
15%
71 1997–2001 Chelsea, Newcastle United, Manchester City Laurent Charvet
15%
52 2013–15 West Bromwich Albion, West Ham United Morgan Amalfitano
15%
96 1998–99, 2000–03, 2008–09 Everton, Leeds United, Fulham Olivier Dacourt
15%
23 1997–2000, 2001–02 Leicester City, Liverpool Pegguy Arphexad
15%
55 2001–04 Fulham Steve Marlet
15%
128 2001–06 Fulham Sylvain Legwinski
15%
38 2011–14 Newcastle United Sylvain Marveaux
15%
37 2015–16 Sunderland Yann M'Vila
15%
151 2003–09 Manchester City, Newcastle United, Wigan Athletic Antoine Sibierski
12%
64 2014–16 Swansea City Bafétimbi Gomis
12%
12 1997–98 West Ham United Bernard Lama
12%
1 1998–99 Arsenal David Grondin
12%
42 2017–20 Newcastle United Florian Lejeune
12%
25 2019–20 Aston Villa Frédéric Guilbert
12%
33 2000–03, 2005–06, 2009–10 Liverpool, Portsmouth, Birmingham City Grégory Vignal
12%
63 2020–23 Southampton Ibrahima Diallo
12%
9 2000–01 Derby County Lilian Martin
12%
1 2024– Chelsea Mathis Amougou
12%
28 2018–19, 2020–21 Fulham Maxime Le Marchand
12%
7 2013–14 Sunderland Modibo Diakité
12%
13 2006–07 Manchester City Ousmane Dabo
12%
149 2005–11 Wigan Ath; Tottenham, Sunderland, Blackburn Rovers Pascal Chimbonda
12%
49 2021–23 Southampton Romain Perraud
12%
10 2004–05 Bolton Wanderers Vincent Candela
12%
148 2001–06 Bolton Wanderers Bruno N'Gotty
9%
3 2007–09 Liverpool Damien Plessis
9%
68 2009–11 Portsmouth, West Ham United Frédéric Piquionne
9%
99 2008–12 Blackburn Rovers Gaël Givet
9%
2 2022–23 Nottingham Forest Giulian Biancone
9%
29 1996–97 Sunderland Lionel Perez
9%
37 2012–14 Newcastle United Mapou Yanga-Mbiwa
9%
21 2020–23 Aston Villa Morgan Sanson
9%
28 2022–24 Crystal Palace Naouirou Ahamada
9%
115 2001–05 Newcastle United, Southampton Olivier Bernard
9%
15 1997–98 Blackburn Rovers Patrick Valery
9%
4 1996–97 Leeds United Pierre Laurent
9%
33 2021–22 Norwich City Pierre Lees-Melou
9%
5 2023–24 Bournemouth Romain Faivre
9%
22 1997–99 West Ham Samassi Abou
9%
5 1998–99 Blackburn Rovers Sébastien Pérez
9%
22 2003–04 Tottenham Stéphane Dalmat
9%
8 2023–24 Manchester United Willy Kambwala
9%
4 2024–25 Leicester City Woyo Coulibaly
9%
12 2018–19 Huddersfield Town Adama Diakhaby
6%
147 1999–2006 Newcastle United, Fulham Alain Goma
6%
16 2014–15 Sunderland Anthony Réveillere
6%
2 1998–99 Nottingham Forest Bernard Allou
6%
40 1997–2001 Chelsea Bernard Lambourde
6%
2 1999–2000 Bradford City Bruno Rodriguez
6%
54 2002–07 Manchester City, Sheffield United David Sommeil
6%
67 1998–2001, 2003–04 Newcastle United, Leeds United Didier Domi
6%
201 2001–08, 2009–10 Middlesbrough, Fulham, Birmingham City Franck Queudrue
6%
16 1998–99 Nottingham Forest Jean-Claude Darcheville
6%
2 1998–99 Liverpool Jean Michel Ferri
6%
6 2016–18 Southampton Jérémy Pied
6%
7 2003–05 Southampton Leandre Griffit
6%
12 2001–02 Sunderland Lilian Laslandes
6%
8 2010–11 Blackpool Ludovic Sylvestre
6%
80 2008–09, 2010–12 West Bromwich Albion Marc-Antoine Fortuné
6%
16 1998–99 Nottingham Forest Mathieu Louis-Jean
6%
19 1997–99 Everton Mickaël Madar
6%
1 2003–04 Liverpool Patrice Luzi
6%
24 1998–2000 Southampton Patrick Colleter
6%
9 2002–03 Bolton Wanderers Pierre-Yves André
6%
77 2000–04 West Ham, Portsmouth Sebastien Schemmel
6%
22 2022–23 Southampton Sékou Mara
6%
28 1998–99 Nottingham Forest Thierry Bonalair
6%
1 2001–02 Ipswich Town Ulrich Le Pen
6%
12 1999–2000
Watford Alexandre Bonnot
3%
1 2020–21 Southampton Allan Tchaptchet
3%
9 2011–12 Blackburn Rovers Anthony Modeste
3%
21 2006–09 Portsmouth Arnold Mvuemba
3%
2 2000–01 Liverpool Bernard Diomede
3%
16 2000–01, 2005–06 West Ham, Sunderland Christian Bassila
3%
25 2006–07 Sheffield United Christian Nade
3%
1 2004–05 Manchester City Christian Negouai
3%
1 2003–04 Leeds United Cyril Chapuis
3%
1 1997–98 West Ham David Terrier
3%
5 2006–07 Aston Villa Didier Agathe
3%
23 2008–09 Middlesbrough Didier Digard
3%
3 2006–07 Watford Johan Cavalli
3%
23 2010–11 Blackpool Elliot Grandin
3%
27 1999–2001 Sunderland Eric Roy
3%
15 2002–04 Bolton Wanderers Florent Laville
3%
6 1999–2000 Newcastle United Franck Dumas
3%
1 1996–97 Leicester City Franck Rolling
3%
15 2001–02 Derby County Francois Grenet
3%
7 2007–08 Bolton Wanderers Gérald Cid
3%
3 2023–24 Burnley Han-Noah Massengo
3%
4 2010–11 Blackburn Rovers Herold Goulon
3%
11 2019–20 Norwich City Ibrahim Amadou
3%
6 1998–99 Coventry City Jean-Guy Wallemme
3%
16 2003–04 Fulham Jerome Bonnissel
3%
2 2024–25 Southampton Joachim Kayi Sanda
3%
10 2015–16 Aston Villa Jordan Amavi
3%
28 2013–14 Cardiff City Kévin Théophile-Catherine
3%
7 2001–02 West Ham Laurent Courtois
3%
3 2022–23 Fulham Layvin Kurzawa
3%
20 2003–04 Leicester City Lilian Nalis
3%
2 2018–19 Cardiff City Loïc Damour
3%
15 2023–24 Burnley Lorenz Asignon
3%
3 2007–08 Portsmouth Lucien Aubey
3%
44 1998–2000 West Ham United Marc Keller
3%
3 2001–02 Bolton Wanderers Mario Espartero
3%
54 2002–04, 2005–06 Fulham, Bolton Wanderers Martin Djetou
3%
11 2004–05 Aston Villa Mathieu Berson
3%
4 2001–02 Middlesbrough Michael Debeve
3%
3 2012–13, 2014–15 Sunderland Mikael Mandron
3%
2 2020–21 Everton Niels Nkounkou
3%
8 2000–01 Sunderland Patrice Carteron
3%
6 1997–98 Sheffield Wednesday Patrick Blondeau
3%
36 2005–08 Fulham Philippe Christanval
3%
19 2001–02 Derby County Pierre Ducrocq
3%
7 2008–09 Bolton Wanderers Sébastien Puygrenier
3%
25 2009–11 Hull City, Wolves Steven Mouyokolo
3%
13 1997–98 Crystal Palace Valérien Ismaël
3%
16 2003–04, 2005–06, 2008–09 Portsmouth, Stoke City Vincent Pericard
3%
7 1999–2000 Watford Xavier Gravelaine
3%
7 2015–16 Bournemouth Yann Kermorgant
3%
25 2000–02 Derby County Youl Mawene
3%
No matching quizzes found
Score Distribution
Percent of People with Each Score
Percentile by Number Answered
Your Score History
You have not taken this quiz since the last reset